000 00479nam a2200157 a 4500
001 000036265
005 20250710141410.0
008 120112s1975 mx 000 0 spa d
040 _aDO-SdBNP
_bspa
_cBNPHU
100 1 _aLocke, Flora M.
_962374
245 1 0 _aMatemáticas comerciales :
_btexto programado /
_cFlora M. Locke.
260 _aMéxico :
_bLimusa,
_c1975.
300 _a488 p. ;
_c26 cm.
490 0 _aSerie instrucción programada Limusa
650 2 0 _aMatemáticas
_91258
999 _c35756
_d35756